000
00265nam a22001217a 4500
040
_c
HS
082
_a
338
100
_a
MARTIN GUMMENT
245
_a
Agro-industrial situation in Cambodia
260
_a
Cambodia
_b
MARTIN GUMMENT
_c
2003
300
_a
100p.
942
_c
EK
999
_c
8605
_d
8605